| 000 | 00441cam a22001217a 4500 | ||
|---|---|---|---|
| 008 | 180718b1977 xxu||||| |||| 00| 0 eng d | ||
| 082 | _aA8x5444 H/S | ||
| 245 |
_aDistrict statistical handbook, Shimoga, 1973-74 _cby Bureau of Economics and Statistics, Karnataka |
||
| 260 |
_aBangalore _bBureau of Economics and Statistics _c1977 |
||
| 300 | _a121+p. | ||
| 650 | _aShimoga - Statistics | ||
| 700 | _aKarnataka. Bureau of Economics and Statistics | ||
| 999 |
_c486569 _d486569 |
||